000 01319nam0a22002891 4500
001 rc\4222958
005 20130416110041.4
021 _aRU
_b[60-85722]
035 _a(NLR Aleph) 008459998
090 _a7863255
_c7863255
100 _a20130416d1960 |||y0rusy50 ca
101 0 _arus
102 _aRU
105 _aa z |||||
200 1 _aПомехи при спектральном анализе методом пламенной фотометрии и их устранение
_e(Стенограмма доклада на Семинаре по спектральному анализу в ЛДНТП)
_fО-во по распространению полит. и науч. знаний РСФСР. Ленингр. дом науч.-техн. пропаганды
210 _aЛенинград
_cБ. и.
_d1960
215 _a34 с.
_cчерт.
_d22
320 _aБиблиогр.: с. 32-33 (56 назв.)
606 _aФотометрия пламенная
_2psbo
606 _aСпектральный анализ
_xПомехи
_2psbo
700 1 _aАйдаров
_bТ. К.
_gТалгат Карматулович
701 1 _aСафонова
_bЕ. С.
_gЕлена Сергеевна
801 0 _aRU
_bNLR
_gpsbo
801 1 _aRU
_bELAR
_2rusmarc
852 _aNLR
_j60-6/9823
942 _cBOOK
980 _aNB